Zahlenreihe Fortsetzen (1) - Statistiken

Allgemein
  • Dieses Quiz wurde 160 mal gespielt
  • Das Durchschnittsergebnis liegt bei 14 aus 20
Antwortstatistiken
Reihenfolge Fortsetzung % Korrekt
2;4;6;8;10; 12
100%
0;1;0;2;0; 3
100%
10;9;8;7;6; 5
100%
3;13;23;33;43; 53
100%
1;12;23;34;45; 56
98%
9;10;12;15;19; 24
97%
11;911;12;812;13; 713
96%
9;8;10;7;11; 6
88%
61;31;62;32;64; 34
86%
10;2;12;10;4; 14
76%
2;3;5;7;11; 13
71%
6;3;30;15;150; 75
66%
7;14;21;35;56; 91
57%
17;19;15;23;7; 39
45%
11;91;131;151;161; 166
43%
1;39;5;34;9; 29
43%
4;12;48;240;1440; 10.080
41%
18;12;46;40;74; 68
40%
5;18;20;45;35; 72
12%
30;19;48;57;96; 145
11%
Keine übereinstimmenden Quizze gefunden
Verteilung der Resultate
Anzahl Personen mit jedem Resultat
Perzentil nach korrekt beantworteten Fragen
Ihre Resultats-Entwicklung
Sie haben dieses Quiz noch nicht gespielt